| 000 | 00886akm a2200301a 44500 | ||
|---|---|---|---|
| 008 | 100908s2010 cat | ||
| 041 | _acat | ||
| 041 | _beng | ||
| 041 | _bfre | ||
| 041 | _bspa | ||
| 110 |
_aTERMCAT _960609 |
||
| 245 |
_aDescobreix l'aeroport: Tota la terminologia que et trobes quan viatges en avió _h[cartell] _cTERMCAT, Centre de Terminologia |
||
| 260 |
_a[Barcelona] _bTERMCAT, Centre de Terminologia _c2010 |
||
| 300 |
_a1 cartell. _bil. |
||
| 500 | _btermcat | ||
| 520 | _a84 | ||
| 591 | _aAEROPORT | ||
| 592 | _aObra terminològica | ||
| 593 | _aLBB | ||
| 594 | _a6107 | ||
| 650 |
_aaeroports _961512 |
||
| 856 | _uhttps://www.termcat.cat/ca/recursos/productes-multimedia/descobreix-laeroport | ||
| 901 | _c[<2010>] | ||
| 902 | _a100908 | ||
| 942 |
_cMO _n0 _2ddc |
||
| 999 |
_c57839 _d57839 |
||